UBT Library

DISCOVERIES IN THE HUMAN BRAIN (Record no. 60082)

000 -LEADER
fixed length control field 00331nam a22001457a 4500
008 - FIXED-LENGTH DATA ELEMENTS--GENERAL INFORMATION
fixed length control field 230703b ||||| |||| 00| 0 eng d
020 ## - INTERNATIONAL STANDARD BOOK NUMBER
International Standard Book Number 9780896034358
041 ## - LANGUAGE CODE
Language code of text/sound track or separate title eng
080 ## - UNIVERSAL DECIMAL CLASSIFICATION NUMBER
Universal Decimal Classification number 616.8
082 ## - DEWEY DECIMAL CLASSIFICATION NUMBER
Classification number 616.8MAR
100 ## - Rafti
Rafti 14
101 ## - Shkurtesa
Shkurtesa TRURI
245 ## - TITLE STATEMENT
Title DISCOVERIES IN THE HUMAN BRAIN
Statement of responsibility, etc MARSHALL.H.L
942 ## - ADDED ENTRY ELEMENTS (KOHA)
Source of classification or shelving scheme
Item type Books
Holdings
Withdrawn status Lost status Source of classification or shelving scheme Damaged status Not for loan Collection code Permanent location Current location Date acquired Total Checkouts Full call number Barcode Date last seen Price effective from Koha item type
          Koleksioni i përgjithshem UBT - Lipjan UBT - Lipjan 07/03/2023   616.8MAR 002-800080741 07/03/2023 07/03/2023 Books
UBT Library © 2015-2024. All rights reserved University Education for Business and Technology